Virálny marketing v komunikačnej stratégii firiem
Pojem virálny marketing. Formy a proces virálneho marketingu. Pozitívny a negatívny efekt implementácie virálneho marketingu. Podporné oblasti virálneho marketingu.
Saved in:
| Main Author: | |
|---|---|
| Format: | Book Chapter |
| Language: | Slovak |
| Subjects: | |
| Tags: |
No Tags, Be the first to tag this record!
|
MARC
| LEADER | 00000nla$a2200000$$$4500 | ||
|---|---|---|---|
| 001 | 0147889 | ||
| 005 | 20251121131706.2 | ||
| 041 | 0 | |a slo | |
| 044 | |a SK | ||
| 245 | 1 | 0 | |a Virálny marketing v komunikačnej stratégii firiem |c Peter Paľko |
| 520 | |a Pojem virálny marketing. Formy a proces virálneho marketingu. Pozitívny a negatívny efekt implementácie virálneho marketingu. Podporné oblasti virálneho marketingu. | ||
| 610 | 2 | 0 | |a marketing |
| 610 | 2 | 0 | |a marketing virálny |
| 610 | 2 | 0 | |a kampane reklamné |
| 610 | 2 | 0 | |a nástroje marketingové |
| 610 | 2 | 0 | |a stratégia podniková |
| 100 | 1 | |a Paľko, Peter, 1987- | |